00853nam a22001937a 450000500170000001000180001702000420003503500170007703700130009408200110010710000160011824501230013426000390025727000620029630000440035850001640040250000710056670000220063720180929125026.0 aENG-123755-56 a9788193418703 (Set 2 vols.)c5000.00 aEN-107287-88 bDBAD/PUB a709.54 aBehl, Benoy aThe art of india:cby Benoy Behl; ed.by R. Vijaya Sankarbsculpture and mural painting (ancient and medieval period) / aChennaibKasturi & Sons Ltd.c2017 aKasturi Building, 859 & 860, Anna Salai,bChennaie600032 a2 vols. (243p.; 259p.)c28cm.(Hb)bill. aTo the memory of my father Manhar Krishen Behl, the gentlest and kindest of men. His love of me new no bounds and I am whatever that I am today because of him. aIt Includes biblio art history & glossary for art history of india a Vijaya Sankar R.